| 000 | 00857nam a2200229 ar4500 | ||
|---|---|---|---|
| 001 | 1636 | ||
| 005 | 20221127090246.0 | ||
| 008 | 100110s le 0001f|ara d | ||
| 020 | _a9953297878 | ||
| 082 | 0 | 4 |
_a823.54 _bب279 |
| 100 | 1 |
_aبراون، دان، _d1964-. |
|
| 245 | 1 | 0 |
_aشيفرة دافنشي / _cتاليف دان براون ؛ ترجمة سمة محمد عبد ربه. |
| 250 | _aط. 1. | ||
| 260 |
_aبيروت : _bالدار العربية للعلوم، _c2004. |
||
| 300 |
_a494 ص. ؛ _c24 سم. |
||
| 500 | _aترجمة لكتاب : The Da Vinci Code / Dan Brown. | ||
| 650 | 4 |
_aالقصص الامريكية _yالعصر الحديث. |
|
| 650 | 4 |
_aالقصص الامريكية _yالقرن 20. |
|
| 650 | 4 | _aالقصص الخرافية. | |
| 650 | 4 | _aالاساطير. | |
| 700 | 0 |
_aعبد ربه، سمة محمد، _eمترجم. |
|
| 999 |
_c1634 _d1634 |
||